00000000cam 2200000zi 4500
0019.957401
003CaOODSP
00520260603095557
006m     o  d f      
007cr cn|||||||||
008251118t20252025oncao   ob   f000 0 eng d
020 |a9780660797762
040 |aCaOODSP|beng|erda|cCaOODSP
043 |an-cn---
0861 |aT94-107/2025E-PDF
24500|aWe are human. We deserve a place to live. It’s that simple : |bfinal report and recommendations of the Neha Review Panel.
24610|aFinal report and recommendations of the Neha Review Panel
264 1|aOttawa, Ontario : |bHousing, Infrastructure and Communities Canada, |c2025.
264 4|c©2025
300 |a1 online resource (vi, 68 pages) : |billustrations, photographs
336 |atext|btxt|2rdacontent
337 |acomputer|bc|2rdamedia
338 |aonline resource|bcr|2rdacarrier
500 |aCover title.
500 |aIssued also in French under title: Nous sommes des êtres humains. Nous sommes dignes d'un endroit où vivre. C'est aussi simple que cela : rapport final et recommandations de la Commission d'examen Neha.
504 |aIncludes bibliographical references (pages 66-68).
520 |a"The Neha Review Panel was established to examine the right to safe, adequate, and affordable housing for women, Two Spirit, Trans, and gender-diverse people, and the government's duty to uphold this right. After hearing from more than 500 rights holders and community-led organizations, and reviewing submissions from federal institutions, Neha concludes that Canada is not meeting all the conditions required to realize the right to housing in a manner that is inclusive, gender-sensitive, and consistent with its human rights obligations. The consequences for women, Two Spirit, Trans, and gender-diverse people are profound and incompatible with Canada's human rights commitments"--Summary, page 2.
650 0|aHousing policy|zCanada|xCitizen participation.
650 0|aWomen|xHousing|xServices for|zCanada.
650 0|aTwo-spirit people|xHousing|xServices for|zCanada.
650 0|aTrans people|xHousing|xServices for|zCanada.
650 0|aRight to housing|zCanada.
7101 |aCanada. |bHousing, Infrastructure and Communities Canada, |eissuing body.
77508|tNous sommes des êtres humains. Nous sommes dignes d'un endroit où vivre. C'est aussi simple que cela  : |w(CaOODSP)9.957402
85640|qPDF|s6.53 MB|uhttps://publications.gc.ca/collections/collection_2026/licc-hicc/T94-107-2025-eng.pdf